UBT Library

Finance capital : (Record no. 42627)

000 -LEADER
fixed length control field 00759cam a2200241 a 4500
001 - CONTROL NUMBER
control field 3245716
005 - DATE AND TIME OF LATEST TRANSACTION
control field 20180215050551.0
008 - FIXED-LENGTH DATA ELEMENTS--GENERAL INFORMATION
fixed length control field 820728s1981 enk b 001 0 eng
010 ## - LIBRARY OF CONGRESS CONTROL NUMBER
LC control number 80041226
015 ## - NATIONAL BIBLIOGRAPHY NUMBER
National bibliography number GB***
020 ## - INTERNATIONAL STANDARD BOOK NUMBER
International Standard Book Number 0710006187
040 ## - CATALOGING SOURCE
Original cataloging agency DLC
Transcribing agency DLC
Modifying agency DLC
041 1# - LANGUAGE CODE
Language code of text/sound track or separate title engger
080 ## - UNIVERSAL DECIMAL CLASSIFICATION NUMBER
Universal Decimal Classification number 330.122
082 00 - DEWEY DECIMAL CLASSIFICATION NUMBER
Classification number 330.122 HIL
Edition number 19
100 1# - Rafti
Rafti 52
101 ## - Shkurtesa
Shkurtesa EKO
240 10 - UNIFORM TITLE
Uniform title <a href="Finanzkapital.">Finanzkapital.</a>
Language of a work English
245 10 - TITLE STATEMENT
Title Finance capital :
Statement of responsibility, etc Rudolf Hilferding ; edited with an introduction by Tom Bottomore ; from translations by Morris Watnick and Sam Gordon.
504 ## - BIBLIOGRAPHY, ETC. NOTE
Bibliography, etc Bibliography: p. [438]-444.
906 ## - LOCAL DATA ELEMENT F, LDF (RLIN)
a 7
b cbc
c orignew
d 4
e ocip
f 19
g y-gencatlg
942 ## - ADDED ENTRY ELEMENTS (KOHA)
Source of classification or shelving scheme
Item type Books
Holdings
Withdrawn status Lost status Source of classification or shelving scheme Damaged status Not for loan Collection code Permanent location Current location Shelving location Date acquired Total Checkouts Full call number Barcode Date last seen Price effective from Koha item type
          Koleksioni i përgjithshem UBT - Lipjan UBT - Lipjan Koleksioni i përgjithshem 02/15/2018   330.122 HIL 002-2997376 02/15/2018 02/15/2018 Books
UBT Library © 2015-2024. All rights reserved University Education for Business and Technology